Loading...
| Current Events | 2 | 20.00 | 100% | 100% | 0% |
| Fine Arts - Classical Music | 7 | 14.29 | 100% | 29% | 14% |
| Fine Arts - Other Fine Arts | 7 | 18.57 | 100% | 57% | 29% |
| Geography | 1 | 20.00 | 100% | 100% | 0% |
| History - American History | 4 | 20.00 | 100% | 75% | 25% |
| History - European History | 4 | 12.50 | 100% | 25% | 0% |
| History - Other History | 5 | 16.00 | 100% | 60% | 0% |
| History - World History | 5 | 18.00 | 100% | 80% | 0% |
| Literature - American Literature | 4 | 20.00 | 100% | 75% | 25% |
| Literature - British Literature | 4 | 20.00 | 100% | 75% | 25% |
| Literature - European Literature | 4 | 17.50 | 100% | 50% | 25% |
| Literature - World Literature | 8 | 17.50 | 100% | 50% | 25% |
| Mythology | 8 | 17.50 | 100% | 63% | 13% |
| Painting/Sculpture | 5 | 14.00 | 100% | 0% | 40% |
| Philosophy | 4 | 20.00 | 100% | 75% | 25% |
| Pop Culture | 3 | 26.67 | 100% | 100% | 67% |
| Religion | 5 | 8.00 | 60% | 20% | 0% |
| Science - Biology | 5 | 24.00 | 100% | 100% | 40% |
| Science - Chemistry | 6 | 20.00 | 100% | 67% | 33% |
| Science - Other Science | 4 | 15.00 | 100% | 50% | 0% |
| Science - Physics | 6 | 10.00 | 100% | 0% | 0% |
| Social Science | 4 | 12.50 | 75% | 50% | 0% |